<?xml version="1.0" encoding="UTF-8"?><?xml-stylesheet type="text/xsl" href="static/style.xsl"?><OAI-PMH xmlns="http://www.openarchives.org/OAI/2.0/" xmlns:xsi="http://www.w3.org/2001/XMLSchema-instance" xsi:schemaLocation="http://www.openarchives.org/OAI/2.0/ http://www.openarchives.org/OAI/2.0/OAI-PMH.xsd"><responseDate>2026-04-17T04:31:15Z</responseDate><request verb="GetRecord" identifier="oai:www.recercat.cat:2117/185393" metadataPrefix="marc">https://recercat.cat/oai/request</request><GetRecord><record><header><identifier>oai:recercat.cat:2117/185393</identifier><datestamp>2025-07-22T19:22:45Z</datestamp><setSpec>com_2072_1033</setSpec><setSpec>col_2072_452951</setSpec></header><metadata><record xmlns="http://www.loc.gov/MARC21/slim" xmlns:dcterms="http://purl.org/dc/terms/" xmlns:xsi="http://www.w3.org/2001/XMLSchema-instance" xmlns:doc="http://www.lyncode.com/xoai" xsi:schemaLocation="http://www.loc.gov/MARC21/slim http://www.loc.gov/standards/marcxml/schema/MARC21slim.xsd">
   <leader>00925njm 22002777a 4500</leader>
   <datafield ind2=" " ind1=" " tag="042">
      <subfield code="a">dc</subfield>
   </datafield>
   <datafield ind2=" " ind1=" " tag="720">
      <subfield code="a">Jaume Rodríguez, Olga</subfield>
      <subfield code="e">author</subfield>
   </datafield>
   <datafield ind2=" " ind1=" " tag="260">
      <subfield code="c">2020-01-15</subfield>
   </datafield>
   <datafield ind2=" " ind1=" " tag="520">
      <subfield code="a">Este estudio busca comparar resultados mecánicos a partir de la fabricación y ensayo de materiales compuestos para el refuerzo de estructuras. Se describirá en este proyecto el proceso experimental usado para la fabricación y ensayo de probetas de mallas textiles vegetales a partir de fibras de algodón, lino, cáñamo y sisal recubiertas de resina epoxi, bio-epoxi y resina de poliéster para su ensayo a tracción. A partir del ensayo de tracción se determinarán sus características mecánicas como su módulo de elasticidad, sus curvas de tensión-deformación, la carga máxima a la que se pueden ver sometidas y su máxima deformación. Con las características mecánicas obtenidas se compararán los resultados entre las diferentes tipologías de malla para determinar que combinaciones son más adecuadas para el refuerzo de estructuras y obtienen mejores propiedades mecánicas. En el estudio se concluye que, tanto la resina epoxi como bio-epoxi proporcionan rigidez a las mallas, aumentando el módulo elástico de las mallas. Tanto la resina epoxi como bio-epoxi influyen en las características mecánicas de las mallas de igual manera. Mientras que la resina de poliéster es más flexible y aumenta la deformación máxima de las mallas. Las mallas de lino son las que obtienen una tensión máxima en todos los casos y las que tienen mayor rigidez.</subfield>
   </datafield>
   <datafield tag="653" ind2=" " ind1=" ">
      <subfield code="a">Àrees temàtiques de la UPC::Enginyeria tèxtil</subfield>
   </datafield>
   <datafield tag="653" ind2=" " ind1=" ">
      <subfield code="a">Composite materials</subfield>
   </datafield>
   <datafield tag="653" ind2=" " ind1=" ">
      <subfield code="a">Plant fibers</subfield>
   </datafield>
   <datafield tag="653" ind2=" " ind1=" ">
      <subfield code="a">Composite materials</subfield>
   </datafield>
   <datafield tag="653" ind2=" " ind1=" ">
      <subfield code="a">Fibras vegetales</subfield>
   </datafield>
   <datafield tag="653" ind2=" " ind1=" ">
      <subfield code="a">Tensile strength</subfield>
   </datafield>
   <datafield tag="653" ind2=" " ind1=" ">
      <subfield code="a">Bio-Epoxy</subfield>
   </datafield>
   <datafield tag="653" ind2=" " ind1=" ">
      <subfield code="a">Cotton</subfield>
   </datafield>
   <datafield tag="653" ind2=" " ind1=" ">
      <subfield code="a">Flax</subfield>
   </datafield>
   <datafield tag="653" ind2=" " ind1=" ">
      <subfield code="a">Sisal</subfield>
   </datafield>
   <datafield tag="653" ind2=" " ind1=" ">
      <subfield code="a">Hemp</subfield>
   </datafield>
   <datafield tag="653" ind2=" " ind1=" ">
      <subfield code="a">Materials compostos</subfield>
   </datafield>
   <datafield tag="653" ind2=" " ind1=" ">
      <subfield code="a">Fibres vegetals</subfield>
   </datafield>
   <datafield ind2="0" ind1="0" tag="245">
      <subfield code="a">Estudio mecánico de mallas textiles vegetales para el refuerzo de estructuras</subfield>
   </datafield>
</record></metadata></record></GetRecord></OAI-PMH>